000 00786nam a2200205Ii 4500
003 JO-AjNU
008 230605s9999||||xx |||||||||||||| ||und||
017 _a1989/5/336
040 _aJO-AjNU
_bara
_erda
_cJO-AjNU
041 _aara
050 1 4 _aBP173.756.M336 1989
100 3 _aالمجمع الملكي لبحوث الحضارة الإسلامية (مؤسسة آل البيت),
_eauthor
_945230
245 0 0 _aالإدارة المالية في الإسلام، ج1
264 3 1 _aعمان: المجمع الملكي لبحوث الحضارة الاسلامية، 1989
300 _aج1، 1-387ص
336 _atext
_btxt
_2rdacontent
337 _aunmediated
_bn
_2rdamedia
338 _avolume
_bnc
_2rdacarrier
650 4 _aالنظام المالي في الاسلام
_945231
999 _aA19590
_c23158
_d23158